The meanings of Hamlet ; modes of literary interpretation since Bradley.

Bibliographic Details
Main Author: Gottschalk, Paul, 1939-
Format: Book
Language:English
Published: Albuquerque : University of New Mexico Press, [1972]
Subjects:

MARC

Tag First Indicator Second Indicator Subfields
LEADER 00000cam a2200000 4500
001 in00000142221
005 20151003070108.0
008 730221s1972 nmu b 00000 eng
010 |a  72086818  
020 |a 0826302580  |c $7.50 
035 |a (OCoLC)00589181 
035 |9 AAQ5858AM 
040 |a DLC  |c DLC  |d TXA  |d UtOrBLW 
049 |a TXAM  |c [1147543] 
050 0 0 |a PR2807  |b .G63 
082 0 |a 822.3/3 
100 1 |a Gottschalk, Paul,  |d 1939- 
245 1 4 |a The meanings of Hamlet ;  |b modes of literary interpretation since Bradley. 
264 1 |a Albuquerque :  |b University of New Mexico Press,  |c [1972] 
264 4 |c [©1972] 
300 |a 197 pages ;  |c 22 cm. 
336 |a text  |b txt  |2 rdacontent 
337 |a unmediated  |b n  |2 rdamedia 
338 |a volume  |b nc  |2 rdacarrier 
504 |a Bibliography: pages 182-188. 
600 1 0 |a Shakespeare, William,  |d 1564-1616.  |t Hamlet. 
600 1 0 |a Shakespeare, William,  |d 1564-1616  |x Criticism and interpretation  |x History. 
999 |a MARS 
999 f f |s 02d4a881-6fcd-3729-bef1-5b33996f5e18  |i 17df5cc1-f2f4-31f2-83ce-73b12b024b20  |t 0 
952 f f |p normal  |a Texas A&M University  |b College Station  |c Sterling C. Evans Library  |d Evans: Library Stacks  |t 0  |e PR2807 .G63  |h Library of Congress classification  |i unmediated -- volume  |m A14803897283 
998 f f |a PR2807 .G63  |t 0  |l Evans: Library Stacks